Ville de France par lieu - #2 - Statistiques

Statistiques générales
  • Ce quiz a été pris 143 fois
  • Le résultat moyen est 12 sur 40
Statistiques - réponses
Lieux Ville française % Correct
Futuroscope Poitiers
96%
Tour Eiffel Paris
88%
Palais des Papes Avignon
87%
La Croisette Cannes
78%
Basilique Notre-Dame de la Garde Marseille
78%
Maison natale de Napoléon Ajaccio
76%
Basilique Notre-Dame de Fourvière Lyon
65%
Pont de l'île de Ré La Rochelle
58%
Basilique Saint-Denis Saint-Denis
56%
Musée de l'Aventure Peugeot Sochaux
52%
Grand Trianon Versailles
49%
Cadre Noir de ... Saumur
38%
Aiguille du Midi Chamonix-Mont-Blanc
33%
Château du Clos Lucé Amboise
29%
Corderie royale de ... Rochefort
22%
Plage de Pampelonne Saint-Tropez
22%
Cathédrale Sainte-Cécile Albi
21%
Statue de D'Artagnan Auch
21%
Musée Pierre Soulages Rodez
21%
Cité de la voile Eric Tabarly Lorient
20%
Les Planches Deauville
19%
Basilique Sainte-Thérèse Lisieux
19%
Clairière de l'Armistice Compiègne
17%
Mont Saint-Clair Sète
17%
Le Castillet Perpignan
13%
Musée d'Art de la Piscine Roubaix
13%
Monastère Royal de Brou Bourg-en-Bresse
11%
Fontaine des éléphants Chambéry
10%
Château des Ducs de Lorraine Lunéville
10%
Place Ducale Charleville-Mézières
9%
Ecluses de Fonséranes Béziers
8%
Palais Bénédictine Fécamp
7%
Abbatiale Saint-Ouen Rouen
7%
Musée de la Grande Guerre Meaux
6%
Le Grand Bé Saint-Malo
6%
Musée des Beaux-Arts et de la Dentelle Alençon
5%
Place des Héros Arras
5%
Centre National du costume de scène Moulins
4%
Palais de l'Isle Annecy
3%
Le Remblai Les Sables d'Olonne
3%
Aucun quiz correspondant
Distribution des résultats
% des personnes avec chaque résultat
Percentile par nombre de réponses
Votre historique - résultats
Vous n’avez pas pris ce quiz